Région Auvergne-Rhône-Alpes - Statistiques

Statistiques générales
  • Ce quiz a été pris 208 fois
  • Le résultat moyen est 11 sur 25
Statistiques - réponses
Question Réponse % Correct
Qui en est le Président ? Laurent Wauquiez
82%
Capitale régionale Lyon
82%
Quelle ville de la région n'a pas accueilli les Jeux Olympiques d'hiver ? Annecy
73%
Quel département n'en fait pas partie ? Aveyron
73%
Quel massif montagneux est absent de la région ? Les Vosges
73%
Quel département en fait partie ? Allier
64%
Quelle ville thermale n'est pas dans la région ? Ax-les-thermes
64%
Quelle spécialité culinaire n'est pas originaire de la région ? Piperade
64%
Quel physicien est originaire de la région ? André-Marie Ampère
55%
Quelle grande entreprise n'est pas originaire de la région ? Alsthom
45%
Quel vin n'est pas produit en Auvergne-Rhône-Alpes ? Côtes-de-Nuits
45%
Quelle eau minérale n'est pas originaire de la région ? Quézac
45%
Quel tunnel est situé dans la région ? Tunnel du Fréjus
45%
Combien de départements ? douze
36%
Quel roi a épousé à Lyon Marie de Médicis ? Henri IV
36%
L'un de ces faits s'est passé à Saint-Etienne : La première ligne de chemin de fer au monde (en dehors de la Grande-Bretagne)
36%
Quel médecin n'est pas originaire de la région ? Louis Pasteur, champion de la vaccination
36%
Quelle place célèbre n'est pas dans la région ? Place des Lices
36%
Quelle fontaine n'est pas en Auvergne-Rhône-Alpes ? Fontaine des Innocents
27%
L'Edit de Roussillon (Isère), promulgué en 1564, est très important. Il oblige toutes les provinces françaises à commencer l'année au premier janvier (et non, selon le cas, à Pâques, au premier avril ou au 25 décembre)
27%
Quel festival ne se déroule pas dans la région Auvergne-Rhône-Alpes Le Festival mondial des théâtres de marionnettes
18%
Quelle langue régionale n'est pas usitée dans la région ? Limousin
18%
Quel écrivain est originaire de la région ? Stendhal
18%
Quelle invention n'est pas originaire de la région ? La photographie
9%
Quelle rivière ne coule pas en Auvergne-Rhône-Alpes ? La Durance
0%
Aucun quiz correspondant
Distribution des résultats
% des personnes avec chaque résultat
Percentile par nombre de réponses
Votre historique - résultats
Vous n’avez pas pris ce quiz